[Event "Commonwealth & South African-ch"]
[Site "Johannesburg"]
[Date "2011.06.27"]
[Round "4.5"]
[White "Steenkamp, Albert"]
[Black "Mthunzi, Clive"]
[Result "0-1"]
[WhiteElo "1431"]
[BlackElo "1616"]
[PlyCount "50"]
[EventDate "2011.06.25"]
[EventType "swiss"]
[EventRounds "11"]
[EventCountry "RSA"]
[SourceTitle "EXT 2024"]
[Source "ChessBase"]
[SourceDate "2023.10.10"]
[SourceVersion "1"]
[SourceVersionDate "2023.10.10"]
[SourceQuality "1"]

1. e4 c5 2. Nf3 Nc6 3. d4 cxd4 4. Nxd4 Nf6 5. Nc3 e5 6. Nf3 Bb4 7. Bd3 Bxc3+ 8. bxc3 b6 9. Qe2 Bb7 10. Ba3 d6 11. Bb5 a6 12. Bd3 0-0 13. 0-0 Rc8 14. Rfe1 Qd7 15. Bxa6 Bxa6 16. Qxa6 Ra8 17. Qxb6 Rxa3 18. Qb2 Rfa8 19. Nd2 Qe6 20. c4 Qg4 21. f3 Qg5 22. Nb3 Nd4 23. Nxd4 exd4 24. Red1 Rxf3 25. Qb7 Rfa3 0-1